湘南モノレール -全駅 - Statistics

General Stats
  • This quiz has been taken 108 times
  • The average score is 4 of 8
Answers on the Map
Answers color-coded by a green-red scale on the quiz's map according to % correct below.
 
Answer Stats
Answer % Correct
大船駅
98%
湘南深沢駅
56%
湘南町屋駅
52%
西鎌倉駅
52%
目白山下駅
47%
片瀬山駅
42%
富士見町駅
40%
湘南江の島駅
31%
No matching quizzes found
Score Distribution
Percent of People with Each Score
Percentile by Number Answered
Your Score History
You have not taken this quiz